|
|
|
|
| LEADER |
00950nam a2200241 a 4500 |
| 001 |
13771152 |
| 008 |
090617s2005 maua b 001 0 eng d |
| 010 |
|
|
|a 2004060134
|
| 020 |
|
|
|a 0321267613 (alk. paper)
|
| 040 |
|
|
|a DLC
|c DLC
|d DLC
|
| 082 |
0 |
0 |
|a 658.15
|2 22
|
| 100 |
1 |
|
|a Gitman, Lawrence J.
|
| 245 |
1 |
0 |
|a Principles of managerial finance /
|c Lawrence J. Gitman.
|
| 250 |
|
|
|a 11th ed.
|
| 260 |
|
|
|a Boston :
|b Pearson Addison Wesley,
|c c2005.
|
| 300 |
|
|
|a xliv, 831, [82] p. :
|b col. ill. ;
|c 28 cm.
|
| 504 |
|
|
|a Includes bibliographical references and index.
|
| 541 |
1 |
|
|e 00014853
|
| 650 |
|
0 |
|a Corporations
|x Finance.
|
| 650 |
|
0 |
|a Business enterprises
|x Finance.
|
| 852 |
4 |
|
|a Ayesha Abed Library
|j General Shelf.
|
| 999 |
|
|
|c 1756
|d 1756
|
| 952 |
|
|
|0 0
|1 0
|2 ddc
|4 0
|6 658_150000000000000_GIT
|7 0
|9 1607
|a BRACUL
|b BRACUL
|c GEN
|d 2009-06-29
|g 0.00
|l 34
|m 216
|o 658.15 GIT
|p 3010014853
|r 2026-02-03
|s 2025-10-15
|t 1
|w 2009-06-29
|y BK
|x No price found in the accession register.
|